Patas arriba / (Registro nro. 9234)

Detalles MARC
000 -LIDER
fixed length control field 00928nam a22002897a 4500
001 - NÚMERO DE CONTROL
Identificador de número de control 240010
003 - IDENTIFICACDOR DE NÚMERO DE CONTROL
control field DO-SdBNP
005 - DATE AND TIME OF LATEST TRANSACTION
control field 20160315113521.0
007 - CAMPOS FIJOS DE DESCRIPCIÓN FÍSICA
fixed length control field 240010
008 - ELEMENTOS DE LONGITUD FIJA
fixed length control field 160315b 1988 sp xxu||||| |||| 00| 0 spa d
020 ## - ISBN
International Standard Book Number 9788432309748
020 ## - ISBN
International Standard Book Number 8432309745
040 ## - FUENTE DE CATALOGACIÓN
Agencia que crea de manera original el registro BPMSU
Idioma de catalogación spa
Agencia que realiza la transcripción BPMSU
092 ## - LOCALLY ASSIGNED DEWEY DECIMAL CALL NUMBER
Número de clasificación xxxx
Número de ítem (Cutter) xxxx
100 1# - ASIENTO PRINCIPAL -- NOMBRE PERSONAL
Nombre personal Galeano, Eduardo,
Fechas asociadas con el nombre 1940-2015.
245 10 - MENCIÓN DE TITULO
Título Patas arriba /
Subtítulo la escuela del mundo al revés :
Mención de responsabilidad Eduardo Galeano ; con grabados de José Guadalupe Posada.
250 ## - MENCIÓN DE EDICION
Mención de edición 4ª ed.
260 ## - PUBLICACIÓN, DISTRIBUCIÓN, ETC. (PIE DE IMPRENTA)
Lugar de publicación, distribución, etc Madrid :
Nombre del editor, distribuidor, etc. Siglo XXI de España Editores,
Fecha de publicación, distribución, etc 1999.
300 ## - DESCRIPCIÓN FÍSICA
Extensión viii, 365 p. :
Otros detalles físicos il. ;
Dimensiones 21 cm.
490 1# - MENCIÓN DE SERIES
Mención de serie La creación literaria
490 1# - MENCIÓN DE SERIES
Mención de serie La creación literaria (Siglo XXI de España Editores)
830 #0 - ASIENTO SECUNDARIO DE SERIE--TÍTULO UNIFORME
Título uniforme La creación literaria
830 #0 - ASIENTO SECUNDARIO DE SERIE--TÍTULO UNIFORME
Título uniforme La creación literaria (Siglo XXI de España Editores)
910 ## - VALIDACIÓN
Validación 00260
942 ## - ADDED ENTRY ELEMENTS (KOHA)
Source of classification or shelving scheme Dewey Decimal Classification
Koha item type Libros
956 ## - LOCAL ELECTRONIC LOCATION AND ACCESS (OCLC)
Método de acceso LOPEREZ
Materiales especificados 10
Enlace BPMSU
Existencias
Withdrawn status Lost status Source of classification or shelving scheme Damaged status Not for loan Collection code Home library Current library Date acquired Source of acquisition Total Checkouts Barcode Date last seen Price effective from Koha item type
    Dewey Decimal Classification       Biblioteca Pública Metropolitana Salomé Ureña Biblioteca Pública Metropolitana Salomé Ureña 03/15/2016 Donado por FUNDI   BPMSU16030107 03/15/2016 03/15/2016 Libros